| 000 | 00839cam a22002413a 4500 | ||
|---|---|---|---|
| 001 | 12338 | ||
| 003 | PGUSA | ||
| 005 | 20140828083248.0 | ||
| 008 | 040501s2004||||xxu|||||s|||||000 | eng d | ||
| 040 |
_aPGUSA _beng |
||
| 042 | _adc | ||
| 050 | 4 | _aPQ | |
| 100 | 1 |
_aSand, George, _d1804-1876 |
|
| 245 | 1 | 0 |
_aContes d'une grand-mère _h[electronic resource] / _cGeorge Sand |
| 260 |
_bProject Gutenberg, _c2004 |
||
| 505 | 0 | _aLe chêne parlant -- Le chien et la fleur sacrée -- L'orgue du titan -- Ce que disent les fleurs -- Le marteau rouge -- La fée poussière -- Le gnome des huîtres -- La fée aux gros yeux. | |
| 506 | _aPublic domain in the USA. | ||
| 516 | _aElectronic text | ||
| 653 | _aChildren's stories, French | ||
| 830 | 0 |
_aProject Gutenberg _v12338 |
|
| 856 | 4 | 0 | _uhttp://www.gutenberg.org/ebooks/12338 |
| 942 | _cEB | ||
| 999 |
_c241593 _d241593 |
||